Mezinárodní účetní standardy k účtování o leasingu a o výsledcích změn kursů zahraničních měn

Popis štandardu č.17 (Účtovanie o leasingu) a štandardu č.21. (Účtovanie o výsledkoch zmien kurzov zahraničných mien). Rozdiel medzi finančným a operatívnym leasingom. Účtovanie a vykazovanie hospodárskych operácií v cudzích menách. Prevádzanie finančných výkazov v cudzej mene do finančných výkazov...

Descrizione completa

Salvato in:
Dettagli Bibliografici
Autore principale: Beneš, L.
Natura: Capitolo di libro
Lingua:ceco
Soggetti:
Tags: Aggiungi Tag
Nessun Tag, puoi essere il primo ad aggiungerne!!

MARC

LEADER 00000naa a2200000 4500
001 r010084
005 20220831085419.5
041 0 |a cze 
044 |a CS 
245 1 0 |a Mezinárodní účetní standardy k účtování o leasingu a o výsledcích změn kursů zahraničních měn  |c L. Beneš 
520 |a Popis štandardu č.17 (Účtovanie o leasingu) a štandardu č.21. (Účtovanie o výsledkoch zmien kurzov zahraničných mien). Rozdiel medzi finančným a operatívnym leasingom. Účtovanie a vykazovanie hospodárskych operácií v cudzích menách. Prevádzanie finančných výkazov v cudzej mene do finančných výkazov vykazujúceho podniku. 
610 2 0 |a účty 
610 2 0 |a štandardizácia 
610 2 0 |a lízing 
610 2 0 |a kurz menový 
610 2 0 |a účtovníctvo 
610 2 0 |a výkazy operatívne 
610 2 0 |a výkazy účtovné 
610 2 0 |a podnik 
610 2 0 |a lízing finančný 
610 2 0 |a lízing operatívny 
100 1 |a Beneš, L.